| 000 | 01644cam a22004334i 4500 | ||
|---|---|---|---|
| 003 | PE-LiUPU | ||
| 005 | 20250731173055.0 | ||
| 008 | 150623s1999 ag r 000 0 spa d | ||
| 035 | _a(Sirsi) a24237 | ||
| 040 |
_aPE-LiUPU _bspa _cPE-LiUPU _erda |
||
| 082 | 0 | 4 |
_a266.023 _bY78t _21ra Edición |
| 100 | 1 |
_aYoungberg, Norma, _eautor. |
|
| 245 | 1 | 3 |
_aUn tigre le enseñó / _cNorma Younberg. |
| 264 | 1 |
_aBuenos Aires : _bNew Life, _c1999. |
|
| 300 |
_a144 páginas ; _c20 centímetros |
||
| 336 |
_atext _2rdacontent |
||
| 337 |
_aunmediated _2rdamedia |
||
| 338 |
_avolume _2rdacarrier |
||
| 505 | 0 | _aEl pequeño maestro blanco -- En el lugar santo -- Tierra maldecida -- Las viejas costumbres -- Los nuevos amestros -- En la noche su canto estará conmigo -- Demonios en la aldea -- Pruebas -- Tortas envenenadas -- el secreto de su presencia -- Nee-pah -- Tonghi-Tinghi. | |
| 526 | _aSEG42 | ||
| 526 | _aSEG41 | ||
| 526 | _aSEG40 | ||
| 526 | _aSEG39 | ||
| 526 | _aP94 | ||
| 526 | _aP87 | ||
| 526 | _aP86 | ||
| 526 | _aP85 | ||
| 526 | _aP77 | ||
| 526 | _aP76 | ||
| 526 | _aP35 | ||
| 650 | 1 | 4 |
_aRelatos misioneros. _95536 |
| 650 | 2 | 4 | _aMisioneros. |
| 942 |
_2ddc _cBOOK |
||
| 949 |
_a266.023 _wDEWEY _c1 _i50564 _lCCODEBUL1 _mBUL _p25.00 _r0 _sY _tBOOK _u2015-06-24 _xTEOLOGIA _0COMPRA _o.STAFF. Colección Teología |
||
| 949 |
_a266.023 1999 _wDEWEY _c1 _iFJ12773 _lCCODEBUJ1 _mBUJ _p20.00 _r0 _sY _tBOOK _u2019-03-13 _xEDUCACIÓN _0COMPRA _o.STAFF. Colección General Juliaca |
||
| 980 |
_81 _gALBERTO SANCHEZ Responsable de Automatización |
||
| 999 |
_c27692 _d27692 |
||